| 000 | 00697cab a2200229 4500 | ||
|---|---|---|---|
| 001 | WB3333-28 | ||
| 008 | 090401t1997 xxu||||| |||| 00| 0 eng d | ||
| 035 | _a(Sirsi) u80498 | ||
| 041 | _aeng | ||
| 245 | _aLettings register planned | ||
| 260 | _c1997 | ||
| 350 | _a0 | ||
| 490 |
_aEstates Gazette _v(9734) 23 August 1997, 28(1) |
||
| 520 | _aThe Empty Homes Agency is appealling to residential letting agents to contribute to its research into a national approved letting scheme. | ||
| 650 | _aEMPTY HOMES AGENCY | ||
| 650 | _aEMPTY PROPERTY | ||
| 650 | _aNATIONAL LETTING SCHEME | ||
| 650 | _aRESIDENTIAL LETTINGS AGENTS | ||
| 690 | _aHOUSING | ||
| 942 | _n0 | ||
| 948 | _c27/08/1997 | ||
| 999 |
_c50690 _d50690 |
||